Animal locomotion.

Bibliographic Details
Main Author: Gray, James, Sir, 1891-1975
Format: Book
Language:English
Published: New York : Norton, [1968]
Series:World naturalist.
Subjects:

MARC

Tag First Indicator Second Indicator Subfields
LEADER 00000cam a2200000 4500
001 in00000276621
005 20151010061702.0
008 690318s1968 nyua b 00000 eng d
010 |a  68031974  
035 |a (OCoLC)00002204 
035 |9 ABD5926AM 
037 |c 15.00 
040 |a DLC  |c DLC  |d TXA  |d UtOrBLW 
049 |a TXAM  |c [637672] 
050 0 0 |a QP303  |b .G7 1968b 
082 0 |a 591.1/8 
100 1 |a Gray, James,  |c Sir,  |d 1891-1975. 
245 1 0 |a Animal locomotion. 
264 1 |a New York :  |b Norton,  |c [1968] 
264 4 |c [©1968] 
300 |a xi, 479 pages :  |b illustrations ;  |c 25 cm. 
336 |a text  |b txt  |2 rdacontent 
337 |a unmediated  |b n  |2 rdamedia 
338 |a volume  |b nc  |2 rdacarrier 
490 1 |a The World naturalist 
504 |a Bibliography: pages 459-470. 
650 0 |a Animal locomotion. 
830 0 |a World naturalist. 
999 |a MARS 
999 f f |s c9a6ced5-16a7-397a-91b3-2124d352cc06  |i 7aebaa5e-990c-3537-92ef-9d48f38ce2f6  |t 0 
952 f f |p normal  |a Texas A&M University  |b College Station  |c Sterling C. Evans Library  |d Evans: Library Stacks  |t 0  |e QP303 .G7 1968b  |h Library of Congress classification  |i unmediated -- volume  |m A14805007096 
998 f f |a QP303 .G7 1968b  |t 0  |l Evans: Library Stacks